Raw rubber and rubber latex- Determination of iron content- 1.10-Phenanthroline photometric method. (Record no. 74040)

MARC details
000 -LEADER
fixed length control field 00445nam a2200145Ia 4500
245 #0 - TITLE STATEMENT
Title Raw rubber and rubber latex- Determination of iron content- 1.10-Phenanthroline photometric method.
260 ## - PUBLICATION, DISTRIBUTION, ETC. (IMPRINT)
Year of publication 1975
500 ## - GENERAL NOTE
General note Standard number: ISO 1657
650 ## - SUBJECT ADDED ENTRY--TOPICAL TERM
Topical Term Iron content
650 ## - SUBJECT ADDED ENTRY--TOPICAL TERM
Topical Term Phenanthroline photometric method
650 ## - SUBJECT ADDED ENTRY--TOPICAL TERM
Topical Term Raw rubber
650 ## - SUBJECT ADDED ENTRY--TOPICAL TERM
Topical Term Rubber latex
942 ## - ADDED ENTRY ELEMENTS (KOHA)
Koha item type Standards
Holdings
Withdrawn status Lost status Damaged status Not for loan Collection code Home library Current library Date acquired Koha item type
      Standards ISO standards RRII Library RRII Library 31/12/2021 Standards